Music Quiz

Random Music Quiz
Score 0/10 Timer 05:00
0 Plays Today
Peak position Single % Correct
3Fire
95.3%
19Club Foot
91.3%
9Empire
82%
10L.S.F. (Lost Souls Forever)
77.9%
17Shoot the Runner
66.9%
22eez-eh
65.7%
28Days Are Forgotten
61.6%
17Processed Beats
51.7%
8Cutt Off
41.9%
22Me Plus One
28.5%
Remove Ads.
Support Sporcle.
Get the best of Sporcle when you Go Orange. This ad-free experience offers more features, more stats, and more fun while also helping to support Sporcle. Thank you for becoming a member.

You're not logged in!

Compare scores with friends on all Sporcle quizzes.
OR
Log In

Show Comments

Extras

Created Dec 24, 2014ReportNominate
Tags:Kasabian, Selling Singles, Single

Top Quizzes Today


Score Distribution

Your Account Isn't Verified!

In order to create a playlist on Sporcle, you need to verify the email address you used during registration. Go to your Sporcle Settings to finish the process.

Report this User

Report this user for behavior that violates our Community Guidelines.

Details: